Udinese - Tous les joueurs de 2010 à 2025 - Statistiques

Statistiques générales
  • Ce quiz a été pris 43 fois
    12 depuis la dernière actualisation
  • Le résultat moyen est 10 sur 200
Statistiques - réponses
Saisons Nationalités Joueur Nombre
De matchs
Poste % Correct
2022 - 2025 France FlorianThauvin 73 A
89%
2004 - 2016 Italie AntonioDi Natale 445 A
78%
2008 - 20112024 - 2025 Chili AlexisSanchez 126 A
67%
2020 - 2023 Espagne GerardDeulofeu 68 A
44%
2008 - 2012 Ghana KwadwoAsamoah 134 D/M
44%
2016 - 2021 Argentine RodrigoDe Paul 184 M
44%
2023 - 2025 Italie LorenzoLucca 75 A
33%
2007 - 2012 Chili MauricioIsla 152 D/M
33%
2014 - 2015 Colombie AlexisZapata 1 M
22%
2005 - 2011 Colombie ChristianZapata 194 D
22%
2011 - 2018 Brésil Danilo 282 D
22%
2021 - 2023 Italie DestinyUdogie 71 D/M
22%
2012 - 2013 Uruguay DiegoRodriguez 1 M
22%
2015 - 2017 Colombie DuvanZapata 65 A
22%
2012 - 2015 Colombie LuisMuriel 65 A
22%
2021 - 2024 Argentine NehuenPerez 94 D
22%
2011 - 20142020 - 2024 Uruguay RobertoPereyra 227 M
22%
2004 - 20052007 - 2012 Slovénie SamirHandanovic 212 G
22%
2014 - 2016 Italie AlexMeret 2 G
11%
2017 - 2020 RépubliqueTchèque AntoninBarak 54 M
11%
2017 - 2023 Pays - Bas BramNuytinck 143 D
11%
2013 - 2016 Portugal BrunoFernandes 95 M
11%
2024 - 2025 Chili DamianPizarro 3 A
11%
2023 - 2024 France EtienneCamara 1 M
11%
2016 - 2018 Brésil EwandroCosta 6 A
11%
2012 - 2015 Brésil GabrielSilva 75 D/M
11%
2011 - 2012 Suisse GelsonFernandes 17 M
11%
2007 - 2011 Suisse GokhanInler 162 M
11%
2023 - Cote D'ivoire HassaneKamara 59 D/M
11%
2024 - 2025 France IsaakTouré 14 D
11%
2014 - 2016 Paraguay IvanPiris 61 D/M
11%
2022 - 2025 Slovénie JakaBijol 95 D
11%
2017 - 2022 Danemark JensStryger Larsen 152 D/M
11%
2009 - 2011 Colombie JuanCuadrado 24 D/M/A
11%
2023 - Nigéria MadukaOkoye 48 G
11%
2021 - 2024 Italie MarcoSilvestri 94 G
11%
2010 - 2013 Maroc MedhiBenatia 97 D
11%
2020 - 2022 Argentine NahuelMolina 68 D/M
11%
2014 - 2017 Grèce OrestisKarnezis 110 G
11%
2010 - 20132015 - 2017 Colombie PabloArmero 98 D/M
11%
2018 - 2019 Brésil Sandro 12 M
11%
2019 - 2022 France SebastienDe Maio 59 D
11%
2016 - 2020 Cote D'Ivoire SekoFofana 119 M
11%
2021 - 2025 Italie SimonePafundi 20 M
11%
2018 - 2021 Italie StefanoOkaka 75 A
11%
2011 - 2012 Mali Abdoul WahidSissoko 1 M
0%
2016 - 2017 Vénézuela AdalbertoPenaranda 7 A
0%
2022 - 2024 Maroc AdamMasina 20 D
0%
2017 - 2018 Argentine AlbanoBizzarri 32 G
0%
2012 - 20142015 - 2016 Kazhakstan AlexanderMerkel 6 M
0%
2014 - 2015 Espagne AlexGeijo 14 A
0%
2015 - 2018 Irak AliAdnan 70 D/M
0%
2012 - 2015 Brésil Allan 116 M
0%
2010 - 2012 Suisse AlmenAbdi 54 M
0%
2006 - 2013 Italie AndreaCoda 153 D
0%
2012 - 2014 Italie AndreaLazzari 59 M
0%
2016 - 2019 Croatie AndrijaBalic 33 M
0%
2007 - 2012 Italie AntonioFloro Flores 166 A
0%
2023 - 2024 Croatie AntonioTikvic 2 D
0%
2024 - France ArthurAtta 29 M
0%
2022 - 2025 France AxelGuessand 2 D
0%
2011 - 2013 Brésil Barreto 12 A
0%
2018 - 2019 Angleterre BenWilmot 5 D
0%
2009 - 2011 Italie BernardoCorradi 41 A
0%
2021 - 2023 Guinée -Bissau Beto 63 A
0%
2021 - 2022 France BrandonSoppy 32 D/M
0%
2023 - 2025 Brésil Brenner 19 A
0%
2010 - 2012 Italie ChristianBattocchio 9 M
0%
2023 - Belgique ChristianKabasele 32 D
0%
2020 - 2021 Espagne CristoGonzalez 2 A
0%
2014 - 2017 France CyrilThéréau 113 A
0%
2007 - 2012 Italie DamianoFerronetti 70 D
0%
2011 - 20132021 - Italie DanielePadelli 18 G
0%
2018 - 2019 Vénézuela DarwinMachis 14 A
0%
2023 - 2025 Slovénie DavidPejicic 1 M
0%
2012 - 20132014 - 2015 2016 - 2017 Italie DavideFaraoni 22 D/M
0%
2011 - 2013 Italie DiegoFabbrini 39 M/A
0%
2023 - 2024 Portugal DomingosQuina 3 M
0%
2013 - 2014 Brésil DouglasSantos 3 D
0%
2009 - 2014 Serbie DusanBasta 123 D/M
0%
2015 - 2016 Brésil Edenilson 30 M
0%
2024 - 2025 Italie EdoardoPiana 1 G
0%
2015 - 2016 Argentine EmanuelInsua 1 D
0%
2008 - 2011 Italie EmanueleBelardi 14 G
0%
2015 - 2018 Islande EmilHallfredsson 64 M
0%
2009 - 20172018 - 2019 Ghana EmmanuelBadu 193 M
0%
2022 - 2025 Cameroun EnzoEbosse 26 D
0%
2015 - 2017 Brésil Felipe 60 D
0%
2018 - 2019 Brésil FelipeVizeu 5 A
0%
2010 - 20112020 - 2021 Italie FernandoForestieri 28 A
0%
2020 - 2021 Espagne FernandoLlorente 14 A
0%
2022 - 2024 Irlande FestyEbosele 50 D/M
0%
2021 - 2022 Croatie FilipBenkovic 2 D
0%
2009 - 20102015 - 2017 Italie FrancescoLodi 46 M
0%
2019 - 2020 Chili FrancescoSierralta 1 D
0%
2017 - 2018 Italie FrancescoZampano 6 D/M
0%
2011 - 2012 Roumanie GabrielTorje 22 A
0%
2010 - 20112012 - 2013 2016 - 2018 Italie GabrielleAngella 52 D
0%
2010 - 2011 Argentine GermanDenis 28 A
0%
2000 - 20082010 - 2015 Italie GiampieroPinzi 356 M
0%
2008 - 20132014 - 2016 Italie GiovanniPasquale 168 D/M
0%
2017 - 2019 Italie GiuseppePezzella 24 D
0%
2014 - 2016 Brésil Guilherme 44 M
0%
2013 - 2014 Algérie HassanYebda 11 M
0%
2018 - 2021 Pays - Bas HiddeTer Avest 42 D/M
0%
2018 - 2022 Argentine IgnacioPussetto 94 A
0%
2013 - 2015 Croatie IgorBubnjic 16 M
0%
2024 - Espagne IkerBravo 31 A
0%
2019 - 2023 MacédoineDu Nord IlijaNestorovski 85 A
0%
2021 - 2024 Nigéria IsaacSuccess 83 A
0%
2013 - 2014 Croatie IvanKelavka 15 G
0%
2013 - 2015 Brésil Jadson 1 M
0%
2016 - 2018 RépubliqueTchèque JakubJankto 69 M
0%
2022 - 20232024 - 2025 Irlande JamesAbankwah 10 D
0%
2020 - 2021 Pays - Bas JaydenBraaf 4 A
0%
2020 - 2023 France Jean - VictorMakengo 72 M
0%
2024 - Suède JesperKarlstrom 39 M
0%
2023 - 2024 Portugal JoaoFerreira 37 D/M
0%
2010 - 2012 Suède JoelEkstrand 20 D
0%
2023 - Zimbabwe JordanZemura 54 D/M
0%
2018 - 2021 Argentine JuanMusso 104 G
0%
2024 - Pays - Bas JurgenEkkelenkamp 36 M
0%
2023 - Angleterre KeinanDavis 33 A
0%
2019 - 2020 Suède KenSema 33 M
0%
2020 - 2021 Italie KevinBonifazi 32 D
0%
2017 - 2021 Italie KevinLasagna 126 A
0%
2022 - Pays - Bas KingsleyEhizibue 85 D/M
0%
2023 - 2025 Argentine LautaroGiannetti 23 D
0%
2021 - 2024 Allemagne LazarSamardzic 97 M
0%
2022 - 2023 Portugal LeonardoButa 2 D
0%
2014 - 2016 Brésil LucasEvangelista 13 M
0%
2018 - 2020 Pologne LukaszTeodorczyk 32 A
0%
2012 - 2014 Brésil Maicosuel 47 M
0%
2018 - 20192020 - 2021 Sénégal MamadouCoulibaly 4 M
0%
2020 - 2021 Italie ManuelGasparini 1 G
0%
2015 - 2016 Chili ManuelIturra 19 M
0%
2019 - 2020 Italie MarcoBallarini 1 M
0%
2018 - 2019 Italie MarcoD'Alessandro 24 A
0%
2023 - 2024 France MarleyAké 3 A
0%
2015 - 2016 Brésil Marquinho 13 M
0%
2019 - 2021 Norvège MartinPalumbo 4 M
0%
2023 - 2025 Argentine MartinPayero 56 M
0%
2018 - 2023 Pays - Bas MarvinZeegelaar 73 D/M
0%
2010 - 2012 RépubliqueTchèque MatejVydra 4 A
0%
2012 - 2014 Suède MathiasRanégie 30 A
0%
2012 - 2013 Chili MatoasCampos Toro 4 D
0%
2019 - 2023 Bosnie MatoJajalo 58 M
0%
2024 - Allemagne MatteoPalma 2 D
0%
2008 - 2016 Italie MaurizioDomizzi 208 D
0%
2012 - 2013 Allemagne MaxReinthaler 1 D
0%
2017 - 2018 Argentine MaxiLopez 29 A
0%
2014 - 2015 Suède MelkerHallberg 5 M
0%
2011 - 2012 Italie MichelePazienza 19 M
0%
2014 - 20172018 - 2019 Mali MollaWagué 42 D
0%
2014 - 2015 Maroc NabilJaadi 1 A
0%
2013 - 2014 Brésil Naldo 17 D
0%
2011 - 20122013 - 2015 Brésil Neuton 9 D
0%
2018 - 2020 Ghana NicholasOpoku 22 D
0%
2014 - 2015 Italie NicolaBelmonte 3 D
0%
2018 - 2021 Brésil Nicolas 5 G
0%
2013 - 2014 Uruguay NicolasLopez 27 A
0%
2022 - 2023 Italie NicoloCocetta 1 D
0%
2023 - Espagne OierZarraga 41 M
0%
2024 - France OumarSolet 19 D
0%
2021 - 2022 Espagne PabloMari 15 D
0%
2014 - 2017 Grèce PanagiotisKone 43 M
0%
2017 - 2018 Pologne PawelBochniewicz 2 D
0%
2018 - 20192020 - 2021 Serbie PetarMicin 2 M
0%
2005 - 20072010 - 2011 Italie PiermarioMorosini 11 M
0%
2012 - 2014 Pologne PiotrZielinski 20 M
0%
2024 - Roumanie RazvanSava 13 G
0%
2017 - 2018 Bosnie RiadBajic 7 A
0%
2021 - 2022 Italie RiccardoPinzi 1 M
0%
2015 - 20162017 - 2018 Uruguay RodrigoAguirre 20 A
0%
2019 - 2023 Brésil RodrigoBecao 130 D
0%
2018 - 2021 Italie RolandoMandragora 74 M
0%
2024 - Angola RuiModesto 22 M
0%
2015 - 2018 Brésil RyderMatos 38 A
0%
2016 - 2022 Brésil Samir 147 D
0%
2023 - 2024 Italie Samuel JohnNwachukwu 1 D
0%
2022 - Slovénie SandiLovric 108 M
0%
2023 - 2024 Belgique SekouDiawara 1 A
0%
2013 - 2018 Suisse SilvanWidmer 142 D/M
0%
2017 - 2019 Italie SimonePontisso 2 M
0%
2012 - 20152016 - 2019 2020 - 2021 Italie SimoneScuffet 49 G
0%
2014 - 2018 Croatie StipePerica 71 A
0%
2017 - 2019 Suède SvanteIngelsson 11 M
0%
2016 - 2017 Belgique SvenKums 29 M
0%
2011 - 2012 Cote D'ivoire ThierryDoubai 7 M
0%
2012 - 2017 France ThomasHeurtaux 116 D
0%
2023 - Danemark ThomasKristensen 52 D
0%
2020 - 2021 Pays - Bas ThomasOuwejan 15 D/M
0%
2020 - 2023 Allemagne TolgayArslan 101 M
0%
2017 - 2019 Suisse ValonBehrami 39 M
0%
2022 - 2024 Portugal Vivaldo 6 A
0%
2019 - 2024 Brésil Walace 168 M
0%
2018 - 2020 Nigéria WilliamTroost - Ekong 66 D
0%
2012 - 2013 Brésil Willians 12 M
0%
2015 - 2016 Serbie ZdravkoKuzmanovic 16 M
0%
2012 - 2015 Serbie ZeljkoBrkic 50 G
0%
Aucun quiz correspondant
Distribution des résultats
% des personnes avec chaque résultat
Percentile par nombre de réponses
Votre historique - résultats
Vous n’avez pas pris ce quiz depuis la dernière actualisation